[Event "Regionalliga SW 1718 (Women)"]
[Site "Germany"]
[Date "2017.10.15"]
[Round "1.3"]
[White "Elpelt, Silvia"]
[Black "Holschuh, Luisa"]
[Result "1-0"]
[WhiteElo "1354"]
[BlackElo "1407"]
[PlyCount "55"]
[EventDate "2017.10.15"]
[EventType "team-tourn"]
[EventRounds "5"]
[EventCountry "GER"]
[SourceTitle "CBM 183 Extra"]
[Source "ChessBase"]
[SourceDate "2018.04.19"]
[SourceVersion "1"]
[SourceVersionDate "2018.04.19"]
[SourceQuality "1"]
[WhiteTeam "Eschborn (W)"]
[BlackTeam "Riegelsberg (W)"]
[WhiteTeamCountry "GER"]
[BlackTeamCountry "GER"]

1. e4 b6 2. Nc3 e6 3. d4 Bb7 4. Nf3 Bb4 5. Bd2 Nf6 6. e5 Bxc3 7. Bxc3 Ne4 8. Bd3 d5 9. 0-0 c5 10. Re1 0-0 11. h3 Nd7 12. Nd2 f5 13. exf6 Qxf6 14. Nxe4 dxe4 15. Bxe4 Qxf2+ 16. Kh1 Bxe4 17. Rxe4 Rae8 18. Re2 Qh4 19. Qd3 cxd4 20. Bxd4 Nc5 21. Bxc5 bxc5 22. Rae1 Rf6 23. Qd7 Ref8 24. Qd6 Qc4 25. Qe5 Qd5 26. Qe3 Rh6 27. Kg1 Rff6 28. Rd2 1-0

[Event "Regionalliga SW 1617 (Women)"]
[Site "Germany"]
[Date "2016.11.13"]
[Round "2.3"]
[White "Mao, Yvonne"]
[Black "Holschuh, Luisa"]
[Result "1-0"]
[WhiteElo "1686"]
[BlackElo "1341"]
[PlyCount "65"]
[EventDate "2016.10.23"]
[EventType "team-tourn"]
[EventRounds "5"]
[EventCountry "GER"]
[SourceTitle "EXT 2018"]
[Source "ChessBase"]
[SourceDate "2017.10.13"]
[SourceVersion "1"]
[SourceVersionDate "2017.10.13"]
[SourceQuality "1"]
[WhiteTeam "Gernsheim (W)"]
[BlackTeam "Riegelsberg (W)"]
[WhiteTeamCountry "GER"]
[BlackTeamCountry "GER"]

1. e4 b6 2. d4 e6 3. Bd3 Bb7 4. Ne2 Nf6 5. Nbc3 c5 6. 0-0 Nc6 7. d5 Ne5 8. dxe6 c4 9. exf7+ Kxf7 10. f4 Bc5+ 11. Kh1 Nxd3 12. cxd3 Ng4 13. d4 Qh4 14. h3 Bb4 15. Qe1 Qxe1 16. Rxe1 Nf2+ 17. Kg1 Nxe4 18. a3 Be7 19. Nxe4 Bxe4 20. Ng3 Bc6 21. Nf5 Bf6 22. Nd6+ Kg8 23. Rd1 b5 24. d5 Rd8 25. dxc6 dxc6 26. Rd2 h6 27. Ne4 Bd4+ 28. Kf1 Kh7 29. Re2 Rhf8 30. Ke1 Rfe8 31. f5 Kg8 32. Bf4 Kf7 33. Nd6+ 1-0

[Event "GER-chT Federal Cup (Women)"]
[Site "Braunfels"]
[Date "2015.06.07"]
[Round "5.5"]
[White "Schubert, Monique"]
[Black "Holschuh, Luisa"]
[Result "0-1"]
[WhiteElo "1534"]
[BlackElo "1413"]
[PlyCount "40"]
[EventDate "2015.06.04"]
[EventType "team-swiss"]
[EventRounds "5"]
[EventCountry "GER"]
[SourceTitle "CBM 167 Extra"]
[Source "ChessBase"]
[SourceDate "2015.09.14"]
[SourceVersion "1"]
[SourceVersionDate "2015.09.14"]
[SourceQuality "1"]
[WhiteTeam "Mecklenburg Vorpommern (W)"]
[BlackTeam "Saarland (W)"]
[WhiteTeamCountry "GER"]
[BlackTeamCountry "GER"]

1. e4 b6 2. Nc3 Bb7 3. Bc4 e6 4. d3 Bb4 5. Bd2 Nf6 6. Nge2 0-0 7. a3 Be7 8. 0-0 d5 9. exd5 exd5 10. Bb3 d4 11. Nb1 c5 12. Bg5 Bd6 13. Nd2 Bxh2+ 14. Kxh2 Ng4+ 15. Kg1 Qxg5 16. Ne4 Qh4 17. Re1 Bxe4 18. dxe4 Qxf2+ 19. Kh1 Qh4+ 20. Kg1 Qh2+ 0-1

[Event "Saarland-ch B 89th"]
[Site "Stennweiler"]
[Date "2014.04.19"]
[Round "9"]
[White "Scheuer, Thorsten"]
[Black "Holschuh, Luisa"]
[Result "1-0"]
[WhiteElo "1425"]
[BlackElo "1322"]
[PlyCount "43"]
[EventDate "2014.04.11"]
[EventType "swiss"]
[EventRounds "9"]
[EventCountry "GER"]
[SourceTitle "EXT 2016"]
[Source "ChessBase"]
[SourceDate "2015.10.08"]
[SourceVersion "1"]
[SourceVersionDate "2015.10.08"]
[SourceQuality "1"]

1. d4 d5 2. c4 Nc6 3. Nc3 Nf6 4. Nf3 dxc4 5. e4 Bg4 6. Be3 e5 7. d5 Nb8 8. Bxc4 Na6 9. Qa4+ Bd7 10. Qc2 Bd6 11. 0-0 0-0 12. a3 c6 13. Rad1 Re8 14. b4 Nc7 15. dxc6 Be7 16. cxd7 Nxd7 17. Nxe5 Nxe5 18. Rxd8 Rexd8 19. Bd5 Rab8 20. Bxa7 Ra8 21. Bb6 Rd7 22. Qb3 1-0

[Event "GER-ch U14 Girls"]
[Site "Oberhof"]
[Date "2012.05.27"]
[Round "2"]
[White "Holschuh, Luisa"]
[Black "Manusina, Nicole"]
[Result "0-1"]
[WhiteElo "1289"]
[BlackElo "1782"]
[PlyCount "52"]
[EventDate "2012.05.27"]
[EventType "swiss"]
[EventRounds "9"]
[EventCountry "GER"]
[SourceTitle "CBM 148 Extra"]
[Source "ChessBase"]
[SourceDate "2012.06.22"]
[SourceVersion "1"]
[SourceVersionDate "2012.06.22"]
[SourceQuality "1"]

1. e4 c6 2. d4 d5 3. Nc3 dxe4 4. Nxe4 Bf5 5. Ng3 Bg6 6. h4 h6 7. Nf3 Nd7 8. h5 Bh7 9. Bd3 Bxd3 10. Qxd3 e6 11. Be3 Ngf6 12. 0-0-0 Bd6 13. Ne4 Nxe4 14. Qxe4 Nf6 15. Qd3 Qc7 16. Kb1 0-0-0 17. d5 Nxd5 18. Bxa7 b6 19. Qa6+ Qb7 20. Qa4 Rd7 21. c4 b5 22. Qa5 Bb4 23. cxd5 Bxa5 24. Bd4 Rxd5 25. Ne5 c5 26. Bc3 Bxc3 0-1

[Event "GER-chT U14 Girls"]
[Site "Arendsee"]
[Date "2011.12.28"]
[Round "3.1"]
[White "Rosmait, Emily"]
[Black "Holschuh, Luisa"]
[Result "1-0"]
[WhiteElo "1537"]
[BlackElo "998"]
[PlyCount "87"]
[EventDate "2011.12.27"]
[EventType "team-swiss"]
[EventRounds "7"]
[EventCountry "GER"]
[SourceTitle "EXT 2022"]
[Source "ChessBase"]
[SourceDate "2021.10.06"]
[SourceVersion "1"]
[SourceVersionDate "2021.10.06"]
[SourceQuality "1"]
[WhiteTeam "Luebeck SV U14 Girls"]
[BlackTeam "Riegelsberg U14 Girls"]
[WhiteTeamCountry "GER"]
[BlackTeamCountry "GER"]

1. e4 d5 2. exd5 Qxd5 3. Nc3 Qa5 4. d4 e5 5. Bc4 Bb4 6. Nge2 Nf6 7. 0-0 exd4 8. Qxd4 Nc6 9. Qe3+ Qe5 10. Qf3 Bg4 11. Qe3 0-0 12. a3 Bd6 13. Ng3 Rfe8 14. Qd3 Rad8 15. Nb5 Bc5 16. Qb3 Be6 17. Bxe6 Rxe6 18. Qc4 Na5 19. Qa4 a6 20. Nc3 Red6 21. Bf4 Qe6 22. Bxd6 Rxd6 23. Qxa5 Bb6 24. Qf5 Qe7 25. Qc8+ Rd8 26. Qxb7 a5 27. Rad1 Re8 28. Qf3 g6 29. Nd5 Nxd5 30. Rxd5 c6 31. Rd2 Qc5 32. Rfd1 a4 33. Ne4 Qe7 34. Nf6+ Kg7 35. Nxe8+ Qxe8 36. Re2 Qa8 37. Rd7 Qf8 38. Qxc6 Bc5 39. Qxa4 Qc8 40. Red2 Qe8 41. Rd1 Qe2 42. Qf4 Qe6 43. Qf3 Bb6 44. R7d6 1-0